000 00628nam a22001937a 4500
999 _c59061
_d59061
005 20230929172009.0
008 221115b2020en xxu||||| |||| 00| 0 eng d
020 _a9780194903950 X
041 _aeng
080 _a811.111.1 D-15
100 _aDaise, Debra, 1961- author.
_915833
245 _aQ skills for success. Reading and writing. 4 /
_cDebra Daise, Charl Norloff.
250 _aTHIRD EDITION
264 _aOxford ;
_bOxford University Press,
_c2020.
300 _a246 p.:
_bcolor illustrations ;
_c25 cm.
653 _aინგლისური ენა
700 _a Norloff, Charl
_915834
942 _2udc
_cBK